[Event "20th Prague Open 2022"]
[Site "Prague"]
[Date "2022.01.08"]
[Round "3.20"]
[White "Bomans, Arno"]
[Black "Gajdos, Daniel"]
[Result "1-0"]
[WhiteElo "2246"]
[BlackElo "2076"]
[Annotator "TA"]
[PlyCount "45"]
[EventDate "2022.01.07"]
[EventType "swiss"]
[EventCountry "CZE"]
[SourceTitle "playchess.com"]
[Source "ChessBase"]
[SourceQuality "1"]

{[%evp 9,44,7,9,21,10,21,51,35,65,47,55,68,89,70,86,56,350,308,459,459,1263,1229,2991,2905,2915,2837,2653,1892,2505,1840,29996,29997,29997,29998,29998,29999,29999]} 1. d4 Nf6 2. Bg5 d5 3. Bxf6 gxf6 4. e3 c5 5. dxc5 Qa5+ 6. Nc3 {D00: 1 d4 d5: Unusual lines.} e6 7. Qd4 Nc6 8. Bb5 {White is slightly better.} Bd7 9. Qxf6 Rg8 10. Nge2 {[#]} Be7 $146 ({Predecessor:} 10... Bxc5 11. O-O Be7 12. Qf3 O-O-O 13. Nd4 Ne5 14. Bxd7+ Rxd7 15. Qh5 Bf6 16. a3 Qd8 {0-1 (51) Etchegaray,P (2329)-Alonso Alonso,I (2106) Bergara 2019}) 11. Qf4 Bxc5 12. Qh4 e5 $2 {[%mdl 8192]} (12... Rxg2 $14 13. O-O-O Rg8) 13. O-O-O $18 ({Weaker is} 13. Qxh7 O-O-O $14) 13... Rg4 (13... Be6 $142 14. Rxd5 (14. Qxh7 O-O-O $11) 14... Bxd5) 14. Qf6 Rb4 {[#]} (14... Rg6 $142 15. Qh8+ Bf8 16. Rxd5 Qb4 17. Bxc6 bxc6) 15. Nxd5 $1 {Strongly threatening Bxc6.} Rxb5 (15... Bf8 16. Nec3) 16. Qh8+ {[%mdl 64] Skewer, Double Attack} Bf8 17. Nf6+ {[%mdl 64] Discovered Attack, Double Attack. Pair of Knights!} Ke7 18. Rxd7+ Ke6 {[#]} 19. Qxh7 $1 Be7 (19... Nd8 20. g4) 20. Qh3+ {White mates.} Kxf6 21. Qh6+ Kf5 22. Ng3+ Kg4 23. h3# {Black got outplayed after the opening.  Weighted Error Value: White=0.08 (flawless) /Black=1.37} 1-0

[Event "20th Prague Open 2022"]
[Site "Prague"]
[Date "2022.01.08"]
[Round "3.21"]
[White "Cholleti Sahajasri"]
[Black "Llopis de Aysa, Manuel"]
[Result "1-0"]
[WhiteElo "2235"]
[BlackElo "2035"]
[Annotator "TA"]
[PlyCount "81"]
[EventDate "2022.01.07"]
[EventType "swiss"]
[EventCountry "CZE"]
[SourceTitle "playchess.com"]
[Source "ChessBase"]
[SourceQuality "1"]

{[%evp 9,81,47,36,27,45,35,43,33,28,24,43,2,50,64,66,52,54,69,79,71,76,77,72,49,47,48,66,67,56,55,64,12,72,62,91,106,102,66,78,55,91,101,111,77,97,88,87,84,82,62,68,40,68,61,92,39,39,16,29,0,0,0,0,-7,-5,-83,0,-26,291,289,318,302,444,429]} 1. d4 d6 2. Nf3 g6 3. c4 Bg7 4. Nc3 e5 5. e4 Nc6 {[%cal Re5d4]} 6. dxe5 {A42: Modern Defence: Averbakh Variation.} Nxe5 {6...dxe5 is the modern continuation.} 7. Be2 Nxf3+ 8. Bxf3 {White is slightly better.} Ne7 9. Be3 O-O 10. O-O (10. Qd2 $14) 10... Nc6 (10... Bxc3 $11 11. bxc3 Nc6) 11. Qd2 $14 Ne5 12. Be2 Be6 13. b3 f5 14. exf5 Bxf5 15. Rad1 {[#]} Kh8 $146 ({Predecessor:} 15... Rf7 16. Bg5 Qf8 17. Nd5 Re8 18. h3 Be6 19. Rde1 {½-½ (19) Bewersdorff,O (2335)-Buchal,S (2305) Germany 1988}) 16. Bh6 Bxh6 17. Qxh6 {[%cal Oc4c5]} Qf6 18. Nd5 {[%csl LRc7,LRf6]} Qf7 19. Qd2 Qg7 20. Rfe1 ({White should play} 20. f4 $14 Nc6 21. h3) 20... Rf7 (20... g5 $11 {remains equal.}) 21. f4 $16 Nc6 22. Bf3 Raf8 23. Re2 h6 24. b4 {[%cal Bb3b4,Bb4b5][%mdl 32]} g5 25. b5 {[#] Threatens to win with Bh5.} Nd8 26. Bh5 (26. Rde1 {looks sharper.} c6 27. fxg5 hxg5 28. Ne7 g4 29. Nxf5 Rxf5 30. Be4) 26... Bg6 27. Bxg6 Qxg6 28. fxg5 {White is much more active.} Qxg5 29. Qxg5 hxg5 30. Rde1 c6 31. Ne7 Kh7 {To avoid Ng6} 32. Re3 (32. Nc8 $16) 32... Rf4 $14 33. Rh3+ Kg7 {[%cal Od8e6]} 34. Rh5 Nf7 35. bxc6 bxc6 36. c5 dxc5 37. h3 (37. Rh3 $11) 37... Rf6 (37... c4 $17 {Strongly threatening ...Rd8.} 38. g3 Rf3) 38. g4 {[%cal Bg2g4,Bg4g5][%mdl 32]} (38. h4 $5 {[%cal Rh4g5]}) 38... Nh6 $2 {[%mdl 8192]} (38... Rb8 $11) 39. Rxg5+ $18 Kh7 40. Rh5 {[#] Hoping for g5.} ({Don't do} 40. Rxc5 Rf3 41. Rh5 (41. Nxc6 Rxh3 42. Re7+ Rf7 $16) 41... Kg7 42. Nxc6 Rg3+ 43. Kh2 Rc3 $18) 40... Rf3 (40... c4 $142 41. g5 Rd6) 41. g5 {Weighted Error Value: White=0.18 (very precise) /Black=0.35} 1-0

[Event "20th Prague Open 2022"]
[Site "Prague"]
[Date "2022.01.08"]
[Round "3.22"]
[White "Bouska, Jiri"]
[Black "Hrbek, Stepan"]
[Result "0-1"]
[WhiteElo "2071"]
[BlackElo "2179"]
[Annotator "NA RC"]
[PlyCount "78"]
[EventDate "2022.01.07"]
[EventType "swiss"]
[EventCountry "CZE"]
[SourceTitle "playchess.com"]
[Source "ChessBase"]
[SourceQuality "1"]
[TimeControl "40/5400+30:1800+30"]

1. e4 {[%emt 0:00:01]} c5 {[%emt 0:00:06]} 2. Nf3 {[%emt 0:00:09]} Nc6 {[%emt 0:00:05]} 3. d4 {[%emt 0:00:05]} cxd4 {[%emt 0:00:05]} 4. Nxd4 {[%emt 0:00:08]} Nf6 {[%emt 0:00:05]} 5. Nc3 {[%emt 0:00:08]} e5 {[%emt 0:00:06]} 6. Ndb5 {[%emt 0:00:21]} d6 {[%emt 0:00:11]} 7. Bg5 {[%emt 0:00:23]} a6 {[%emt 0:00:06]} 8. Na3 {[%emt 0:00:08]} b5 {[%emt 0:00:06]} 9. Nd5 {[%emt 0:00:07]} Be7 {[%emt 0:00:06]} 10. Bxf6 {[%emt 0:00:53]} Bxf6 {[%emt 0:00:10]} 11. g3 {[%emt 0:01:36]} h5 {[%emt 0:09:57]} 12. Bg2 {[%emt 0:02:57]} Bg4 {[%emt 0:05:05]} 13. Qd3 {[%emt 0:03:34]} h4 {[%emt 0:01:24]} 14. O-O {[%emt 0:03:17]} Ne7 {[%emt 0:06:21]} 15. Nxf6+ {[%emt 0:03:59]} gxf6 {[%emt 0:00:07]} 16. c4 {[%emt 0:01:55]} b4 {[%emt 0:02:05]} 17. Nc2 {[%emt 0:00:32]} Qb6 {[%emt 0:01:57]} 18. Ne3 {[%emt 0:04:14]} Be6 {[%emt 0:00:43]} 19. Rfd1 {[%emt 0:00:43]} Rd8 {[%emt 0:00:28]} 20. Rac1 {[%emt 0:01:16]} hxg3 {[%emt 0:01:20]} 21. hxg3 {[%emt 0:00:22]} Nc6 {[%emt 0:02:59]} 22. Kf1 {[%emt 0:29:43]} Kf8 {[%emt 0:07:52]} 23. f4 {[%emt 0:06:00]} Kg7 {[%emt 0:00:07]} 24. f5 {[%emt 0:00:25]} Bc8 {[%emt 0:00:16]} 25. Qe2 {[%emt 0:04:59]} Rh6 {[%emt 0:01:59]} 26. Kf2 {[%emt 0:05:07]} Nd4 {[%emt 0:00:39]} 27. Qg4+ {[%emt 0:00:36]} Rg6 {[%emt 0:00:08]} 28. Qh4 {[%emt 0:01:57]} Rh6 {[%emt 0:06:07]} 29. Qg4+ {[%emt 0:00:36]} Rg6 {[%emt 0:00:07]} 30. Qh4 {[%emt 0:00:14]} Rh8 {[%emt 0:00:05]} 31. Qxh8+ {[%emt 0:01:11]} Kxh8 {[%emt 0:00:05]} 32. fxg6 {[%emt 0:00:07]} fxg6 {[%emt 0:00:10]} 33. Rh1+ {[%emt 0:03:05]} Kg7 {[%emt 0:00:11]} 34. Rh2 {[%emt 0:01:28]} Be6 {[%emt 0:00:38]} 35. g4 {[%emt 0:07:37]} b3 {[%emt 0:03:51]} 36. axb3 {[%emt 0:05:04]} Qxb3 {[%emt 0:00:13]} 37. Re1 {[%emt 0:00:29]} Qxb2+ {[%emt 0:00:42]} 38. Kg1 {[%emt 0:00:14]} Qd2 {[%emt 0:00:22]} 39. Kf1 {[%emt 0:00:47]} Nf3 {[%emt 0:00:11]} 0-1

[Event "20th Prague Open 2022"]
[Site "Prague"]
[Date "2022.01.08"]
[Round "3.23"]
[White "Matras, Ondrej"]
[Black "Fizerova, Lucie"]
[Result "1-0"]
[WhiteElo "2223"]
[BlackElo "1736"]
[Annotator "TA"]
[PlyCount "159"]
[EventDate "2022.01.07"]
[EventType "swiss"]
[EventCountry "CZE"]
[SourceTitle "playchess.com"]
[Source "ChessBase"]
[SourceQuality "1"]

{[%evp 9,159,13,10,-13,-11,-7,20,24,30,17,15,0,1,-26,-6,-16,13,17,13,0,-3,-5,0,0,24,17,72,65,189,43,43,35,35,37,70,71,77,43,43,37,42,20,30,2,1,0,28,25,43,39,91,45,79,72,103,103,104,47,39,41,70,69,113,131,161,97,96,91,132,49,87,49,64,49,64,49,91,83,72,64,181,191,191,145,316,191,331,318,385,131,413,87,154,154,228,237,318,302,436,287,314,286,325,320,293,289,250,125,335,354,304,116,116,116,139,139,139,139,139,179,371,310,448,139,449,449,449,448,935,935,877,877,840,737,918,754,2002,1983,1891,1847,29981,1679,29982,29983,29983,29984,29985,29986,29988,29989,29990,29991]} 1. d4 f5 2. Nc3 d5 3. Bg5 Nf6 4. e3 e6 5. Nf3 Be7 6. Ne5 {A80: Dutch Defence: Unusual White second moves.} O-O 7. Be2 Ne4 8. Bxe7 {The position is equal.} Qxe7 {[#]} 9. O-O $146 ({Predecessor:} 9. Nxe4 fxe4 10. O-O Nd7 11. f4 Nxe5 12. fxe5 Bd7 13. Qd2 Qg5 14. Rxf8+ Rxf8 15. Rf1 Rxf1+ 16. Bxf1 Be8 17. Qf2 c5 18. c3 c4 {½-½ (18) Kuehler,A (1876)-Fehmer,C (2060) Germany 2018}) 9... Nd7 10. Nxd7 Bxd7 11. Qe1 b6 12. f4 c5 {[%cal Bc7c5,Bc5c4][%mdl 32]} 13. Nxe4 fxe4 14. Rd1 c4 15. b3 b5 16. Qa5 Rf6 17. Ra1 Rh6 (17... Rf7 $11 {remains equal.}) 18. g3 $16 Rg6 (18... Qd8 $14 19. Qxd8+ Rxd8) 19. bxc4 (19. a4 $18) 19... bxc4 $14 20. Rab1 Bc6 21. c3 Qh4 {[%cal Og6g3]} 22. Kg2 {And now Qa6 would win.} Qe7 23. Rb2 (23. Qa6 $5 {[%cal Ra6c6]} Qd7 24. h4 $11) 23... Rf6 24. Rfb1 Rff8 25. Bg4 g6 26. Qb4 Kf7 27. Qa5 Qd6 28. Qa6 {[%cal Ob2b7]} Rfd8 29. Bd1 Kf8 (29... h5 $14) 30. h4 (30. Ba4 $16 Be8 31. Qxd6+ Rxd6 32. Rb8) 30... Qc7 31. h5 Qc8 32. Qa3+ Kf7 33. Bg4 (33. g4 $16) 33... Qc7 34. Rh1 Rh8 35. Qc5 Qd7 (35... Kf6 $14) 36. Bd1 $16 {White is much more active.} Rac8 37. Qa3 (37. g4 $1 $18) 37... Qe7 38. Qa6 Qc7 (38... Qd7 $142) 39. Bg4 ({White should try} 39. Ba4 $16 Qd7 40. Rhb1 (40. hxg6+ Kxg6 41. Kg1 Kg7 $14)) 39... Qd7 40. Rhb1 {[%cal Ob2b7]} Kf6 41. h6 Rc7 42. Be2 Kf7 (42... Rcc8 $14 {is more appropriate.}) 43. Qa5 Rhc8 44. g4 {[%cal Bg3g4,Bg4g5][%mdl 32]} Ke7 (44... g5 $14) 45. g5 $18 Kf7 46. Rb4 (46. Bd1 $18) 46... Ke7 $2 (46... Ba8 $16) 47. Kg3 Kf7 (47... Qd6 $142 48. Bd1 Rd7) 48. Bd1 Ke7 49. Qa3 $2 (49. Ba4 $18 Bxa4 50. Rxa4 (50. Qxa4 Qxa4 51. Rxa4 Ra8 $14)) 49... Kf7 $2 {[%mdl 8192]} (49... Qd6 $16) 50. Qb2 $2 (50. Ba4 $18 Bxa4 51. Rxa4 (51. Qxa4 Qxa4 52. Rxa4 Rd8 $14)) 50... Ke7 (50... Qe7 $142) 51. Bc2 $16 Kf7 (51... Rf8 $16 {was called for.} 52. Bd1 Kf7) 52. Qa3 $1 $18 Qe7 {[%cal Oa7a5]} 53. Qa5 Qd7 (53... Ba8 $142 54. Rb8 Qd8 55. Rxc8 Qxc8) 54. Qa6 Ke7 {[#]} 55. Ba4 $1 Bxa4 56. Rxa4 {Strongly threatening Rab4.} ({Not} 56. Qxa4 Qxa4 57. Rxa4 Rd8 $14) 56... Qd6 57. Qxd6+ Kxd6 {[%mdl 4096] Endgame [#] KRR-KRR} 58. Ra6+ (58. f5 $1 $18) 58... Kd7 $2 (58... Ke7 $16 {might work better.}) 59. Rb5 Ke7 60. Kf2 $2 (60. Rba5 $18) 60... Rd8 61. Ke2 Rd6 62. Rxd6 Kxd6 $16 {KR-KR} 63. Rb8 Kc6 64. Kd1 Rb7 $2 (64... Re7 {is a better defense.} 65. a4 Rf7) 65. Rg8 $18 Kd6 (65... Rb1+ $142 66. Kc2 Rb7) 66. Kc2 $2 (66. Rg7 $18 {is more deadly.} Kc6 67. a4) 66... Kc6 $2 {[%mdl 8192]} (66... Kd7 $16 {is more resistant.}) 67. Rg7 a6 68. Rg8 {aiming for Re8.} Kd6 (68... a5 $142 69. Re8 Kd6) 69. Ra8 Kc7 70. Rxa6 Rb6 71. Ra8 {Black must now prevent Rh8.} Kc6 72. Rg8 {Hoping for Rg7.} Rb7 73. Rg7 Kb6 74. Kb2 {Threatening mate with Rxb7+.} Ka6+ 75. Ka3 (75. Rxb7 $142 Kxb7 76. Ka3 Kc7 77. Kb4 Kc6 78. a4 Kd6 79. a5 Kc7 80. Kb5) 75... Ra7 76. Rxa7+ {White mates.} Kxa7 77. Kb4 Kb6 78. a4 {[%cal Ba2a4,Ba4a5][%mdl 32]} Ka6 79. a5 Kb7 80. Kb5 {Weighted Error Value: White=0.39/Black=0.40} 1-0

[Event "20th Prague Open 2022"]
[Site "Prague"]
[Date "2022.01.08"]
[Round "3.24"]
[White "Roubal, Matyas"]
[Black "Babula, Vlastimil"]
[Result "0-1"]
[WhiteElo "1815"]
[BlackElo "2561"]
[Annotator "TA"]
[PlyCount "76"]
[EventDate "2022.01.07"]
[EventType "swiss"]
[EventCountry "CZE"]
[SourceTitle "playchess.com"]
[Source "ChessBase"]
[SourceQuality "1"]

{[%evp 9,76,0,14,-39,-44,-52,-37,-54,-53,-89,-78,-85,-61,-116,-124,-121,-121,-143,-110,-166,-162,-196,-211,-263,-243,-265,-252,-253,-238,-247,-175,-198,-197,-229,-229,-222,-237,-237,-231,-235,-224,-272,-250,-244,-177,-385,-309,-322,-156,-156,-162,-197,-140,-266,-246,-240,-243,-269,-181,-335,-330,-453,-406,-437,-425,-417,-370,-407,-381]} 1. e4 {ChessBase} c5 2. Nf3 d6 3. Bb5+ Nd7 4. Ba4 Ngf6 5. O-O a6 {[#] White must now prevent ...b5.} 6. c3 {B51: Sicilian: Moscow Variation (3 Bb5+) without 3...Bd7.} ({White should play} 6. c4 $11) 6... Nxe4 $15 7. Re1 Nef6 8. d4 {Black is slightly better.} b5 {[#]} 9. Bb3 $146 ({Predecessor:} 9. Bc2 Bb7 10. Bf4 e6 11. a4 Be7 12. axb5 axb5 13. Na3 Qb6 14. Qe2 c4 15. b3 {0-1 (32) Fuglsang,F (2275)-Aagaard,J (2440) Copenhagen 1997 CBM 059 [ChessBase]}) 9... c4 (9... Bb7 {seems wilder.} 10. Qe2 h6 11. a4 c4 12. Bc2 e6) 10. Bc2 Bb7 11. Bf4 (11. b3 $15) 11... e6 $17 12. Nbd2 Be7 13. a4 O-O 14. axb5 (14. Ng5 $17) 14... axb5 $19 15. b3 Nd5 {[%csl LRc3,LRf4]} 16. Bg3 Nxc3 17. Bxh7+ Kxh7 18. Qc2+ Kg8 19. Qxc3 Rc8 20. bxc4 bxc4 21. Qb4 Bxf3 ({Wrong is} 21... Qb6 $2 22. Qa4 Bc6 23. Qc2) 22. Nxf3 Nf6 23. Qb1 Nd5 24. h4 c3 25. Qd3 Nb4 26. Qb1 d5 27. Ng5 $2 (27. Qb3 {was called for.}) 27... Bxg5 28. hxg5 Nc6 (28... Rc4 $19 {Hoping for ...c2.} 29. g6 c2) 29. Qd3 $17 Qxg5 30. Qxc3 Ne7 (30... Qg4 $19 31. Ra4 e5) 31. Qd3 (31. Qe3 $17 Qg6 32. Bd6) 31... Nf5 $19 32. Be5 Rc4 33. g3 Qd8 34. g4 $2 {[#]} (34. Kg2 {was necessary.}) 34... Qg5 $1 35. Kh2 Qxg4 36. Rg1 Qh4+ 37. Qh3 Qxh3+ 38. Kxh3 f6 {Weighted Error Value: White=0.39/Black=0.22 (precise)} 0-1

[Event "20th Prague Open 2022"]
[Site "Prague"]
[Date "2022.01.10"]
[Round "5.1"]
[White "Haring, Filip"]
[Black "Pijpers, Arthur"]
[Result "0-1"]
[WhiteElo "2398"]
[BlackElo "2485"]
[Annotator "TA"]
[PlyCount "116"]
[EventDate "2022.01.07"]
[EventType "swiss"]
[EventCountry "CZE"]
[SourceTitle "playchess.com"]
[Source "ChessBase"]
[SourceQuality "1"]

{[%evp 26,116,25,30,39,33,34,39,24,23,38,34,47,25,29,29,30,0,0,0,0,0,0,0,0,-31,0,-111,-109,-111,0,-56,-62,-63,-59,-59,-59,-59,-64,-64,-63,-60,-66,-63,-66,-79,-51,-168,-161,-186,-121,-129,-156,-143,-135,-284,-293,-270,-269,-269,-268,-319,-283,-352,-337,-552,-542,-530,-470,-430,-417,-420,-418,-407,-423,-419,-423,-423,-421,-400,-398,-553,-538,-758,-749,-714,-715,-29985,-29986,-29986,-29986,-29986,-29987]} 1. e4 c5 2. Nf3 d6 3. d4 cxd4 4. Nxd4 Nf6 5. Nc3 g6 6. Be3 Bg7 7. f3 Nc6 8. Qd2 O-O 9. O-O-O d5 10. exd5 Nxd5 11. Nxc6 bxc6 12. Bd4 Bxd4 13. Qxd4 Qb6 14. Na4 Qc7 {B76: Sicilian Dragon: Yugoslav Attack, 9 g4 and 9 0-0-0.} 15. Bc4 Rd8 16. Nc5 (16. Bxd5 cxd5 17. Nc3 Bb7 $11) 16... Bf5 {White is slightly better.} 17. Bb3 $1 Nb6 18. Qe3 Rxd1+ 19. Rxd1 Qxh2 20. g4 Nd5 $1 {[#]} 21. Qe1 $146 ({Predecessor:} 21. Qd2 Qxd2+ 22. Kxd2 Bc8 23. Ba4 Rb8 24. Bxc6 Nb4 25. Ba4 Rb6 26. a3 Rd6+ 27. Ke1 Rxd1+ 28. Kxd1 {½-½ (33) Keuter,K (2421)-Peuraniemi,P (2452) GER email 2016}) 21... Qd6 $36 {[%mdl 2048] Black is pushing.} 22. Bxd5 cxd5 23. Qe3 Bc8 24. c4 e6 {[%cal Be7e6,Be6e5][%mdl 32]} 25. g5 {[%cal Oc5e4]} Qh2 26. f4 (26. Ne4 $11) 26... e5 $1 $17 {Strongly threatening ...Bf5.} (26... Rb8 27. Qe5 Rb4 28. b3 Qxa2 29. Qc7 Qa3+ 30. Kc2 $16) 27. Qd2 ({Don't go for} 27. Qxe5 $2 Bf5 28. Qc3 Qxf4+ 29. Rd2 Qf1+ 30. Rd1 Qf4+ 31. Rd2 dxc4 $19) 27... Qg3 (27... Qxd2+ $17 28. Rxd2 exf4 29. Rxd5 Bf5) 28. Ne4 Qxf4 $15 (28... dxe4 $2 {leads to mate.} 29. Qd8+ Kg7 30. Qf6+ Kg8 31. Rd8#) 29. Qxf4 exf4 30. cxd5 {[%mdl 4096] Endgame KRB-KRN} Bf5 31. Nf6+ Kg7 32. Rh1 $1 Rc8+ 33. Kd1 h5 {aiming for ...Rc2.} 34. Ke2 Kf8 $1 35. Kf3 Ke7 $1 36. Rh4 (36. b3 $15) 36... Rc1 $19 37. Kxf4 {[#]} Kd6 (37... Rc4+ $1 $19 38. Kg3 Rxh4 39. Kxh4 Kd6) 38. Rh2 Rf1+ 39. Kg3 Bb1 {...Rf5 is the strong threat.} 40. a3 {[#] This move loses the game for White.} (40. Rd2 $17) 40... Rf5 $1 41. Kh4 Rf3 42. Rh1 Bf5 43. Rh2 Rb3 44. a4 a5 45. Rh1 $2 (45. Ng8 {is a better defense.}) 45... Rxb2 46. Kg3 Rb4 47. Rc1 Rxa4 48. Rc6+ Ke5 49. d6 Ra3+ 50. Kf2 Rd3 51. Rc5+ Kxd6 52. Rxa5 h4 {[%cal Bh5h4,Bh4h3,Bh3h2][%mdl 32] Threatens to win with ...h3.} 53. Kg2 Ke6 54. Kf2 h3 55. Rb5 Rd2+ 56. Kg3 h2 {Black mates.} 57. Rb6+ Ke5 58. Rb5+ Kd6 {Weighted Error Value: White=0.44/Black=0.06 (flawless)} 0-1

[Event "20th Prague Open 2022"]
[Site "Prague"]
[Date "2022.01.10"]
[Round "5.2"]
[White "Mirzoev, Azer"]
[Black "Carlsson, Ludvig"]
[Result "1-0"]
[WhiteElo "2420"]
[BlackElo "2355"]
[Annotator "TA"]
[PlyCount "135"]
[EventDate "2022.01.07"]
[EventType "swiss"]
[EventCountry "CZE"]
[SourceTitle "playchess.com"]
[Source "ChessBase"]
[SourceQuality "1"]

{[%evp 14,135,24,19,15,8,11,23,31,20,37,20,44,47,28,36,79,55,76,13,52,60,79,62,65,62,74,61,48,46,51,48,71,77,66,68,132,120,152,148,157,113,172,176,180,180,172,172,170,170,177,177,177,176,186,198,199,167,169,168,154,148,181,183,183,187,372,154,164,146,183,178,187,183,184,170,205,204,201,197,215,208,267,217,267,256,391,388,377,375,432,436,522,437,604,586,609,662,638,634,819,836,869,833,1075,1041,904,915,1459,1473,5739,4220,29959,29961,29957,29956,29979,29980,29976,29973,29972,29973,29939,4076]} 1. d4 d5 2. c4 e6 3. Nc3 Nf6 4. Bg5 Be7 5. e3 h6 6. Bh4 O-O 7. Nf3 Nbd7 8. Rc1 c5 {D63: Queen's Gambit Declined: Classical: 7 Rc1.} 9. dxc5 dxc4 10. c6 $1 {10.c6 is better than 10.Bxc4.} bxc6 {White has an edge.} 11. Bxc4 Rb8 12. Qe2 {[#]} Qa5 $146 ({Predecessor:} 12... Nd5 13. Bxe7 Qxe7 14. O-O N7b6 15. Bd3 e5 16. Nd2 Nxc3 17. Rxc3 Na4 18. Rb3 Be6 {½-½ (34) Lintchevski,D (2524)-Elistratov,S (2407) Moscow 2017}) 13. O-O Bb7 14. Rfd1 {[%cal Od1d7] Hoping for Rxd7!} Rfe8 (14... Rfd8 $14) 15. Nd4 {[%cal Bf3d4,Bd4b3,Bb3a5][%mdl 32]} Nb6 16. Bg3 (16. Nb3 $1 $16 {[%cal Rb3a5]} Qh5 17. Qxh5 Nxh5 18. Bxe7 Nxc4 19. Bd6) 16... Rbc8 17. Nb3 Qh5 18. Bd3 Qxe2 19. Bxe2 (19. Nxe2 Red8 $11) 19... Red8 20. Na5 Ba8 21. Ba6 Rxd1+ 22. Rxd1 Rd8 23. Rxd8+ Bxd8 24. Bb7 {White is more active.} Nc4 25. Bxa8 Bxa5 26. Na4 (26. Bxc6 $6 Nxb2 27. Nb5 a6 $14) 26... c5 {[#]} 27. Bf3 ({But not} 27. Nxc5 $6 Nxb2 28. Ne4 Nxe4 29. Bxe4 Na4 $14) (27. Bc6 $142 $1) 27... Bb4 (27... Nd7 $16 {keeps fighting.}) 28. a3 $18 Ba5 29. Be2 ({Much less strong is} 29. Nxc5 $6 Nxb2 30. Be2 Bb6 $14) 29... Nd2 30. Nxc5 Nfe4 {[#]} 31. Nxe4 Nxe4 {[%mdl 4096] Endgame KBB-KBN} 32. Bb8 Bb6 33. Kf1 f6 34. Bd3 Nc5 35. Bg6 Nd7 36. Bg3 Ne5 37. Bb1 Nc4 38. Ba2 Nxb2 39. Bxe6+ Kh7 $2 (39... Kh8 40. Ke2 Na4) 40. Bd6 (40. Bb3 $18) 40... Na4 $16 41. Ke2 Nc5 42. Bf5+ {This bishop pair is nice.} g6 43. Bc2 Kg7 44. g4 g5 45. a4 {[%cal Oa4a5] a5! is the strong threat.} Nd7 46. h3 Ne5 47. Bb3 Kg6 48. Bb4 a5 49. Ba3 h5 (49... Bc7 $142 50. Be6 Kg7) 50. Bc2+ $18 Kg7 51. gxh5 Kh6 52. Be7 {To avoid Bd8} Nd7 53. Bg6 {Threatens to win with Be8.} ({Weaker is} 53. Bf5 Bc5 $16) 53... Bc5 54. Bd8 Nb6 55. Be8 f5 56. Kd3 {To avoid Nc4} f4 57. exf4 gxf4 58. f3 Be3 59. h4 Kg7 60. Bc7 Kh7 61. Ke4 Nc4 62. Bxf4 {Threatening mate with Bg6+.} Bxf4 63. Kxf4 {KB-KN. White mates.} Kh6 64. Bb5 Nb6 65. Ke5 Kxh5 66. Kd6 Kxh4 67. Kc5 Nc8 68. Bd7 {Weighted Error Value: White=0.14 (very precise) /Black=0.28 (precise)} (68. Ba6 $142 Ne7 69. Kb6 Kg5 70. Kxa5 Kf6 71. Bb7 Nf5 72. Kb6 Ke7 73. a5) 1-0

[Event "20th Prague Open 2022"]
[Site "Prague"]
[Date "2022.01.10"]
[Round "5.3"]
[White "Vojta, Jakub"]
[Black "Jurcik, Marian"]
[Result "0-1"]
[WhiteElo "2289"]
[BlackElo "2397"]
[Annotator "TA"]
[PlyCount "106"]
[EventDate "2022.01.07"]
[EventType "swiss"]
[EventCountry "CZE"]
[SourceTitle "playchess.com"]
[Source "ChessBase"]
[SourceQuality "1"]

{[%evp 10,106,6,8,17,0,20,0,0,0,0,0,12,0,8,13,8,10,16,6,15,-19,-12,-80,-77,-72,-81,-146,-134,-160,-132,-135,-114,-89,-88,-127,-21,-19,-23,-46,-37,-62,-60,-52,-1,-81,-34,-42,-8,-4,-6,-31,-38,-37,-24,-24,-6,-17,-27,-52,-60,-54,-66,-102,-105,-107,-87,-54,0,-81,-28,-28,-28,-75,-29,-250,-266,-266,-267,-267,-267,-243,-256,-254,-239,-275,-257,-455,-455,-444,-444,-318,-249,-547,-544,-462,-462,-882,-701]} 1. c4 e5 2. Nc3 Nf6 3. g3 d5 4. cxd5 Nxd5 5. Bg2 Nb6 6. e3 {[%cal Be2e3,Be3d4,Bd4d5][%mdl 32]} Nc6 {A22: English Opening: 1...e5 2 Nc3 Nf6.} 7. Nge2 $1 Bg4 {7...h5 is becoming the main line.} 8. d4 exd4 {The position is equal.} 9. exd4 {[#]} Bd6 $146 ({Predecessor:} 9... Bb4 10. O-O O-O 11. h3 Bh5 12. g4 Bg6 13. d5 Ne7 14. Qb3 Bd6 15. Rd1 Re8 {½-½ (34) Herrmann,M-Hawkins,J (1927) ICCF email 2018}) 10. h3 Bf5 11. O-O O-O 12. d5 Ne5 13. Nd4 Bd3 14. Re1 Bg6 $1 15. Bf1 Qf6 16. Ne4 {To avoid Bc5} (16. Bf4 $11 {keeps the balance.}) 16... Bxe4 $17 17. Rxe4 Nxd5 18. Nb5 {[#]} (18. Bf4 $142) 18... Bc5 $1 19. Bf4 (19. Qc2 Bb6) 19... Nxf4 {Black is more active.} 20. Rxf4 Qg6 {Threatens to win with ...Qxg3+.} 21. Qb3 Bb6 22. Nd4 Bxd4 (22... Rad8 $17 23. Nf5 Qe6) 23. Rxd4 $11 b6 24. Bg2 Rad8 25. Rad1 {[%cal Ba1d1,Bd1d4,Bd4f4][%mdl 32]} Rxd4 26. Rxd4 Qf6 (26... Qf5 $15) 27. Qd5 (27. Qc3 $1 $11) 27... c6 (27... c5 $17 28. Rd1 g5) 28. Qd6 $15 Nf3+ 29. Bxf3 Qxf3 $40 {[%mdl 4224] Endgame KQR-KQR. Black is up to no good.} 30. Rf4 (30. Qe7 {is more complex.} h5 31. b3 c5 32. Rd7 Qf5 33. Rxa7 Qxh3 34. Rd7) 30... Qd5 31. Qxd5 cxd5 $15 {KR-KR} 32. Ra4 Ra8 33. Kf1 Kf8 34. Ke2 Ke7 35. Kd3 Kd6 36. Rh4 h6 37. Rf4 Ke6 38. Ra4 Kd6 (38... a5 $15) 39. h4 (39. Rf4 $11) 39... g5 ({Black should play} 39... a5 $17) 40. hxg5 $11 hxg5 41. Ra6 Kc5 (41... g4 $17) 42. a4 $2 {This costs White the game.} (42. g4 $11) 42... Kc6 $19 {White must now prevent ...Kb7.} 43. b4 Kb7 $1 44. b5 {[#]} Rc8 $1 {...Rc4 is the strong threat.} 45. a5 {[#]} Rc5 $1 46. axb6 axb6 47. Ra1 Rxb5 {Strongly threatening ...Rb3+.} 48. Re1 $2 (48. Kd4) 48... Rb3+ 49. Kd4 Rf3 50. Re2 Rf5 51. g4 $2 (51. Rd2) 51... Rf4+ {Black is clearly winning.} 52. Kxd5 f6 53. Ke6 (53. Kd6 $142 Rxg4 54. Ra2) 53... b5 {Weighted Error Value: White=0.49/Black=0.14 (very precise)} 0-1